Características del consumo de productos pesqueros de los residentes y turistas de Mar del Plata (Registro nro. 22783)
[ vista simple ]
| 000 -LEADER | |
|---|---|
| fixed length control field | 00499 a2200145 4500 |
| 001 - CONTROL NUMBER | |
| control field | ART_6564 |
| 005 - DATE AND TIME OF LATEST TRANSACTION | |
| control field | 20260410161826.0 |
| 008 - FIXED-LENGTH DATA ELEMENTS--GENERAL INFORMATION | |
| fixed length control field | 260409a |
| 100 1# - MAIN ENTRY--PERSONAL NAME | |
| Personal name | Errazti, Elizabeth |
| 245 10 - TITLE STATEMENT | |
| Title | Características del consumo de productos pesqueros de los residentes y turistas de Mar del Plata |
| 700 1# - ADDED ENTRY--PERSONAL NAME | |
| Personal name | Bertolotti, María Isabel |
| 700 1# - ADDED ENTRY--PERSONAL NAME | |
| Personal name | Pagani, Andrea Noemí |
| 700 1# - ADDED ENTRY--PERSONAL NAME | |
| Personal name | Gualdoni, Patricia Alejandra |
| 773 0# - HOST ITEM ENTRY | |
| Title | FACES |
| Related parts | - Año 10, Nº 20 (may./ago. 2004) |
| Record control number | REV5046 |
No hay ítems disponibles.